| 000 | 00892nam a2200217 a 4500 | ||
|---|---|---|---|
| 001 | BRCA_1721 | ||
| 005 | 20190320203525.0 | ||
| 008 | 930414s1992 mx-a---##b---f000-0dspa-# | ||
| 020 | _a9688423602 | ||
| 040 |
_aDLC _cDLC |
||
| 050 | 4 |
_aF1215 _b.B74 1992 |
|
| 100 | 1 |
_aBrehme, Hugo _95384 |
|
| 245 | 1 | 0 |
_aPueblos y paisajes de México _cHugo Brehme ; texto de presentación Roberto Diéguez Armas ; a propósito de la obra María Teresa Franco y González Salas ; México y sus contornos, Andrés Henestrosa ; Hugo Brehme ; su obra, su vida y sus tiempos, Denis Brehme. |
| 260 |
_aMéxico _bBanco Nacional de Comercio Interior : INAH : Miguel Angel Porrúa _c1992 |
||
| 300 |
_a284 p. _bil. _c28 cm. |
||
| 504 | _aBibliografía : p. 48-51 | ||
| 600 | 1 | 4 |
_aBrehme, Hugo _95384 |
| 651 | 4 |
_aMéxico _xTrabajos Ilustrados _95385 |
|
| 651 | 4 |
_aMéxico _xDescripción y viajes _9103 |
|
| 942 |
_2lcc _cB |
||
| 999 |
_c1510 _d1510 |
||